[Event "I'M Not A GM Speed Chess"]
[Site "Chess.com INT"]
[Date "2022.05.23"]
[Round "1.56"]
[White "Williams, Justus D"]
[Black "Rensch, Daniel"]
[Result "0-1"]
[WhiteElo "2417"]
[BlackElo "2402"]
[PlyCount "144"]
[EventDate "2022.05.09"]
[EventType "k.o. (blitz)"]
[EventRounds "4"]
[EventCountry "USA"]
[SourceTitle "CBM 209 Extra"]
[Source "ChessBase"]
[SourceDate "2022.09.30"]
[SourceVersion "1"]
[SourceVersionDate "2022.09.30"]
[SourceQuality "1"]

1. Nf3 Nf6 2. e3 e6 3. c4 b6 4. b3 Bb7 5. Bb2 Be7 6. Nc3 0-0 7. Rc1 c5 8. d4 cxd4 9. exd4 d5 10. Be2 dxc4 11. bxc4 Nc6 12. 0-0 Rc8 13. Ba1 Na5 14. Ne5 Bd6 15. f4 Nd7 16. Nb5 Bb8 17. Bf3 Bxf3 18. Qxf3 Nxe5 19. fxe5 Rxc4 20. Bb2 Qd7 21. Ba3 Rfc8 22. Nd6 Bxd6 23. exd6 Rxc1 24. Bxc1 f6 25. Bf4 Nc4 26. Qg3 Rd8 27. Bh6 Nxd6 28. Rxf6 Nf5 29. Rxf5 exf5 30. Be3 Qe6 31. h4 Re8 32. Bf4 Qxa2 33. Be5 Qf7 34. Qa3 a5 35. Qd6 Qe6 36. Qc7 Re7 37. Qb8+ Re8 38. Qb7 Re7 39. Qb8+ Kf7 40. Qh8 Qg6 41. h5 Qg4 42. h6 Rxe5 43. dxe5 Qd4+ 44. Kh1 Qh4+ 45. Kg1 Qxh6 46. Qb8 Qe3+ 47. Kh2 Qf4+ 48. Kh1 Qh4+ 49. Kg1 Qd4+ 50. Kh2 Qc5 51. Qb7+ Ke6 52. Qa6 Qxe5+ 53. Kh3 Qc5 54. Qe2+ Qe5 55. Qa6 Qe3+ 56. Kh4 f4 57. Qc8+ Kf7 58. Qd7+ Qe7+ 59. Kh5 Qxd7 60. g4 a4 61. g5 a3 62. g6+ hxg6+ 63. Kg5 Qf5+ 64. Kh4 g5+ 65. Kh5 Qg6+ 66. Kg4 a2 67. Kf3 a1Q 68. Kg4 Qg1+ 69. Kf3 Qe3+ 70. Kg4 Qge6+ 71. Kh5 Q3h3+ 72. Kxg5 Qef5# 0-1

[Event "I'M Not A GM Speed Chess"]
[Site "Chess.com INT"]
[Date "2021.01.10"]
[Round "1.3"]
[White "Rensch, Daniel"]
[Black "Trent, Lawrence"]
[Result "1-0"]
[WhiteElo "2402"]
[BlackElo "2399"]
[PlyCount "37"]
[EventDate "2021.01.03"]
[EventType "k.o. (blitz)"]
[EventRounds "4"]
[EventCountry "USA"]
[SourceTitle "EXT 2022"]
[Source "ChessBase"]
[SourceDate "2021.10.06"]
[SourceVersion "1"]
[SourceVersionDate "2021.10.06"]
[SourceQuality "1"]

1. e4 e6 2. d4 d5 3. Nc3 Nc6 4. e5 f6 5. exf6 Nxf6 6. Nf3 Bb4 7. Bd3 0-0 8. Qe2 Qd6 9. Bd2 a6 10. a3 Ba5 11. 0-0 Bb6 12. Be3 Ng4 13. Bxh7+ Kh8 14. Ne5 Ngxe5 15. Qh5 Rf6 16. Bg6+ Kg8 17. Qh7+ Kf8 18. Qh8+ Ke7 19. Qe8# 1-0

[Event "I'M Not A GM Speed Chess"]
[Site "Chess.com INT"]
[Date "2021.01.10"]
[Round "1.9"]
[White "Rensch, Daniel"]
[Black "Trent, Lawrence"]
[Result "0-1"]
[WhiteElo "2402"]
[BlackElo "2399"]
[PlyCount "144"]
[EventDate "2021.01.03"]
[EventType "k.o. (blitz)"]
[EventRounds "4"]
[EventCountry "USA"]
[SourceTitle "EXT 2022"]
[Source "ChessBase"]
[SourceDate "2021.10.06"]
[SourceVersion "1"]
[SourceVersionDate "2021.10.06"]
[SourceQuality "1"]

1. e4 e6 2. d4 d5 3. Nc3 Nc6 4. e5 f6 5. Bb5 Bd7 6. Nf3 a6 7. Bxc6 Bxc6 8. 0-0 Qd7 9. Re1 0-0-0 10. Ne2 f5 11. h4 g6 12. c3 h6 13. Be3 Qe8 14. b4 Ba4 15. Qd2 g5 16. hxg5 hxg5 17. Bxg5 Rd7 18. Nf4 Rdh7 19. g3 Nh6 20. Kg2 Ng4 21. Rh1 Qf7 22. Bh4 Bh6 23. Bg5 Bxg5 24. Nxg5 Rh2+ 25. Rxh2 Rxh2+ 26. Kf3 Qg8 27. Nfh3 Qe8 28. Kf4 Qh5 29. Qe2 Qh6 30. Kf3 Rxh3 31. Nxh3 Qxh3 32. Kf4 Qh6+ 33. Kf3 Bb5 34. Qd1 Qg7 35. Qh1 Bd3 36. Kg2 f4 37. Qh4 f3+ 38. Kg1 b6 39. Re1 Be4 40. a3 Kb7 41. Qh3 Qg6 42. Qh4 Bf5 43. Rf1 Qg7 44. Re1 Qg8 45. a4 Qe8 46. a5 Qb5 47. axb6 Qxb6 48. Qe7 Qb5 49. Qc5 Qd3 50. b5 Qxb5 51. Qxb5+ axb5 52. Ra1 Kb6 53. Ra3 c5 54. Kf1 b4 55. cxb4 cxb4 56. Ra8 Kb5 57. Rb8+ Kc4 58. Ke1 Kxd4 59. Rxb4+ Kxe5 60. Rb2 d4 61. Rb5+ Ke4 62. Rb4 Ne5 63. Rb1 Nd3+ 64. Kf1 Kd5 65. Rd1 e5 66. Ra1 e4 67. Ra5+ Nc5 68. Ra8 e3 69. Rd8+ Kc4 70. Ke1 Nd3+ 71. Kf1 e2+ 72. Kg1 e1Q+ 0-1